Vláda SR o rozpočte Na mimoriadnom zasadnutí

Podrobná bibliografia
Hlavní autori: Žvach, I. (Autor), Žvach, Igor (Autor)
Médium: Článok
Jazyk:slovenčina
Predmet:

MARC

LEADER 00000nab a2200000 a 4500
001 vtls000470266
003 SK-MaSNL
005 20260303001247.0
008 120926c1992 xo 0 slo
015 |a SNBRB19rr/mm-uuuuu 
035 |a CL0470399 
040 |a SNKBUCL  |b slo  |c SNKBUCL  |e AACR2 
041 0 |a slo 
044 |a xo  |c SK 
080 |a 328.1 (437.6):336.12  |2 1981 
080 |a 336.12  |2 1981 
100 1 |a Žvach, I.  |4 aut  |9 966848 
245 1 0 |a Vláda SR o rozpočte  |b Na mimoriadnom zasadnutí  |c I. Žvach ; Igor Žvach 
650 0 7 |a vláda SR  |2 snkbucl  |9 963264 
650 0 7 |a rozpočet štátny SR  |2 snkbucl  |9 966872 
651 7 |a 5100  |2 snkbucl  |9 166206 
655 7 |a články z novín a časopisov  |2 snkbucl  |9 267496 
700 1 |a Žvach, Igor  |4 aut  |9 270648 
773 0 |t Národná obroda víkend  |g Roč. 3, č. 292 (11. 12. 1992), s. 2 
850 |a Slovenská národná knižnica v Martine  |a MTA001 
852 |a SNK  |b KIS3GCP 
958 |a RK 
992 |a RBX 
999 |c 1562591  |d 1564521